ये रहीम दर दर फिरहिं / (Record no. 113026)

MARC details
000 -LEADER
fixed length control field 01126nam a22002537a 4500
005 - DATE AND TIME OF LATEST TRANSACTION
control field 20170124102947.0
010 ## - LIBRARY OF CONGRESS CONTROL NUMBER
LC control number B-039244
020 ## - INTERNATIONAL STANDARD BOOK NUMBER
Terms of availability 150.00
International Standard Book Number 81214051571
035 ## - SYSTEM CONTROL NUMBER
System control number B-039244
037 ## - SOURCE OF ACQUISITION
Source of stock number/acquisition Cen Lib/Ret
040 ## - CATALOGING SOURCE
Original cataloging agency DPL
Language of cataloging HN
082 ## - DEWEY DECIMAL CLASSIFICATION NUMBER
Classification number 821.08
Item number येरही
245 ## - TITLE STATEMENT
Title ये रहीम दर दर फिरहिं /
Statement of responsibility, etc सम्पादक श्रीकांत उपाध्याय
246 ## - VARYING FORM OF TITLE
Title proper/short title Ye Rahim dar dar phirhin /
Remainder of title sampadak Shrikant Upadhyay
260 ## - PUBLICATION, DISTRIBUTION, ETC. (IMPRINT)
Place of publication, distribution, etc दिल्ली
Name of publisher, distributor, etc नेशनल पब्लिशिंग हाउस
Date of publication, distribution, etc 2000
270 ## - ADDRESS
Address 2/35 अंसारी रोड, दरियागंज
City दिल्ली
Postal code 110002
300 ## - PHYSICAL DESCRIPTION
Extent 133पृ.
Dimensions 21सेमी(सजिल्द)
650 ## - SUBJECT ADDED ENTRY--TOPICAL TERM
Topical term or geographic name as entry element हिंदी साहित्य
9 (RLIN) 50257
650 ## - SUBJECT ADDED ENTRY--TOPICAL TERM
Topical term or geographic name as entry element हिंदी साहित्य -- दोहे
9 (RLIN) 50258
650 ## - SUBJECT ADDED ENTRY--TOPICAL TERM
Topical term or geographic name as entry element Hindi literature
9 (RLIN) 50259
650 ## - SUBJECT ADDED ENTRY--TOPICAL TERM
Topical term or geographic name as entry element Hindi literature -- Couplets
9 (RLIN) 50260
700 ## - ADDED ENTRY--PERSONAL NAME
Personal name उपाध्याय, श्रीकांत
9 (RLIN) 9685
942 ## - ADDED ENTRY ELEMENTS (KOHA)
Source of classification or shelving scheme Dewey Decimal Classification
Koha item type Hindi Books
Classification part 821.08
Call number suffix येरही
Holdings
Withdrawn status Lost status Damaged status Not for loan Home library Current library Date acquired Source of acquisition Cost, normal purchase price Total Checkouts Full call number Barcode Date last seen Date checked out Copy number Cost, replacement price Price effective from Koha item type
        Central Library Central Library 11/08/2015 Cen Lib/Ret 150.00 9 821.08 येरही B-039244 03/12/2020 28/11/2020 1 150.00 11/08/2015 Hindi Books

© Delhi Public Library
Hit Counter
free hit counter